000 01443 a2200301 4500
003 Nust
005 20170207165829.0
010 _a2009008252
020 _a0521693179 (pbk.)
020 _a9780521693172 (pbk.)
035 _a(OCoLC)ocn311075430
040 _cNust
082 0 4 _a550.21
100 1 _aHenderson, Paul,
245 1 4 _aThe Cambridge handbook of earth science data / (E-Book)
_cPaul Henderson, Gideon M. Henderson.
260 _aCambridge, UK ;
_aNew York :
_bCambridge University Press,
_c2009.
300 _aviii, 277 p. ;
_c22 cm.
500 _aIncludes index.
505 0 _a The Solar System (Page-12) Solid Earth (Page-333 )Geophysics (Page-64) 4 Aqueous Earth (Page-875) Gaseous Earth (Page-112)6 Biological Earth: element cycles (Page-1237) Earth history (Page-135)8 Chemistry and isotopes (Page-179)9 Crystallography and mineralogy (Page-220)10 Resources(Page- 239)11 Hazards (Page-252)
650 0 _aEarth sciences
650 0 _aJorden
651 _aThe Cambridge handbook of earth science data E-Book
700 1 _aHenderson, Gideon,
_d1968-
740 0 _aEarth science data
856 4 2 _3Contributor biographical information
_uhttp://www.loc.gov/catdir/enhancements/fy0906/2009008252-b.html
856 4 2 _3Publisher description
_uhttp://www.loc.gov/catdir/enhancements/fy0906/2009008252-d.html
856 4 2 _3Table of contents only
_uhttp://www.loc.gov/catdir/enhancements/fy0906/2009008252-t.html
942 _2ddc
_cBK
999 _c213184
_d213184